Numerical optimization
Salvato in:
| Autori principali: | , |
|---|---|
| Natura: | Libro |
| Lingua: | inglese |
| Pubblicazione: |
Nueva York
Springer
2006
|
| Edizione: | 2a. ed |
| Serie: | Springer Series in Operation Research and Financial Engineering
|
| Soggetti: | |
| Tags: |
Aggiungi Tag
Nessun Tag, puoi essere il primo ad aggiungerne!!
|
MARC
| LEADER | 00000cam a2200000 a 4500 | ||
|---|---|---|---|
| 001 | UCF2755 | ||
| 003 | CL-VaPUC | ||
| 008 | 120910e20060000US |||||||||||||||||eng|d | ||
| 020 | |a 9780387303031 | ||
| 082 | 0 | 4 | |a 519.3 |b NOC |2 21 |
| 100 | 0 | |a Nocedal, Jorge |e author |9 564545 | |
| 700 | 0 | |a Wright, Stephen J |e author |9 564546 | |
| 245 | 1 | 0 | |a Numerical optimization |
| 250 | |a 2a. ed | ||
| 300 | |a 664 p | ||
| 942 | |c BK | ||
| 945 | |d 20120910 00:00:00 |a cmena | ||
| 260 | |a Nueva York |b Springer |c 2006 | ||
| 650 | 0 | |a Optimización matemática |9 259780 | |
| 650 | 0 | |a Programación lineal |9 23 | |
| 583 | |a last modification |c 20120910 11:39:00 |k Rodrigo Vera | ||
| 490 | 0 | |a Springer Series in Operation Research and Financial Engineering | |
| 999 | |c 349294 |d 349292 | ||
| 952 | |0 0 |1 0 |4 0 |6 519_300000000000000_NOC_2006 |7 0 |8 A |9 451867 |a BIBING |b BIBING |d 2019-11-22 |i 490429K |o 519.3 NOC 2006 |p 490429K |r 2025-01-20 |w 2019-11-22 |y BK |k EII | ||